mysqli: Table './ulib62015/stat_globaluid' is marked as crashed and should be repaired
select id from stat_globaluid where statuid='20260517142726_4994'
mysqli: Table './ulib62015/stat_globaluid' is marked as crashed and should be repaired
DELETE FROM stat_globaluid
WHERE id NOT IN (
SELECT id
FROM (
SELECT id
FROM stat_globaluid
ORDER BY id DESC
LIMIT 100
) foo
);
mysqli: Table './ulib62015/stat_globaluid' is marked as crashed and should be repaired
insert into stat_globaluid set
statuid='20260517142726_4994',
dt='1779002846',
phpself='/ULIB62015/dublinfull.php',
agent='Mozilla/5.0 AppleWebKit/537.36 (KHTML, like Gecko; compatible; ClaudeBot/1.0; +claudebot@anthropic.com)',
yea='2026',
mon='5',
dat='17',
ip='216.73.216.45'
mysqli: Table './ulib62015/stathist_viewbib_bib_type' is marked as crashed and should be repaired
insert into stathist_viewbib_bib_type set
dat='17' ,
mon='05' ,
yea='2026' ,
statuid='20260517142726_4994' ,
head='13399122745' ,
foot='marc' ,
dt='1779002846'
| LEADER : 00000nam 2200000uu 4500 |
| 001 13399122745 |
| 003 ULIB |
| 008 200709s2021||||th 000 0 eng d |
| 020 ^a9780323353762
|
| 020 ^a9780323654401
|
| 060 04 ^aWN200^bE33p 2021
|
| 100 1 ^aEhrlich, Ruth Ann
|
| 245 10 ^aPatient care in radiography :^bwith an introduction to medical imaging /^cRuth Ann Ehrlich, Dawn M. Coakes
|
| 250 ^aTenth edition
|
| 260 ^aSt. Louis, Missouri :^bElsevier,^cc2021
|
| 300 ^avii, 501 pages :^billustrations (some col.) ;^c24 cm.
|
| 504 ^aIncludes bibliographical references and index
|
| 650 2 ^aRadiography^xmethods
|
| 650 2 ^aPatient Care^xmethods
|
| 650 2 ^aTechnology, Radiologic
|
| 650 2 ^aProfessional-Patient Relations
|
| 700 1 ^aCoakes, Dawn M.
|
| 945 ^p0^l0^i027869
|
| 945 ^p2855^l0^i027970
|
| 945 ^p0^l0^i028754 |
| 999 ^a57066
|
| คุณยังไม่ได้ล็อกอิน คุณสามารถมีกิจกรรมร่วมกับเว็บไซต์ได้ แต่ต้องล็อกอินก่อน :: |
|
|
|
| ลำดับที่ |
ประเภท |
เลขเรียก/บาร์โค้ด |
สถานที่ |
สถานะ |
| 1. |
 หนังสือ | WN200 E33p 2021 c.1 Barcode: 027869 | หนังสือทั่วไป | บนชั้น ขอยืม |
| Note:งบประมาณปี 2563 |
| 2. |
 หนังสือ | WN200 E33p 2021 c.2 Barcode: 027970 | หนังสือทั่วไป | บนชั้น ขอยืม |
| Note:งบประมาณปี 2563 |
| 3. |
 หนังสือ | WN200 E33p 2021 c.3 Barcode: 028754 | หนังสือทั่วไป | บนชั้น ขอยืม |
| Note:งบประมาณปี 2564 |
รายการใกล้เคียง
ผู้แต่ง [Ehrlich, Ruth Ann]
หัวเรื่อง [Radiography methods] หัวเรื่อง [Technology, Radiologic] หัวเรื่อง [Professional-Patient Relations]
|
|
ยังไม่เคยถูกคอมเมนท์
|
| คอมเมนท์ทรัพยากรรายการนี้ |
|